[Event "Barbera del Valles op 45th"]
[Site "Barbera del Valles"]
[Date "2023.07.11"]
[Round "8"]
[White "Chitsazian, Daniel"]
[Black "Thybo, Thomas Sondergaard"]
[Result "1-0"]
[WhiteElo "1912"]
[BlackElo "2155"]
[PlyCount "135"]
[EventDate "2023.07.04"]
[EventType "swiss"]
[EventRounds "9"]
[EventCountry "ESP"]
[SourceTitle "CBM 215 Extra"]
[Source "ChessBase"]
[SourceDate "2023.09.30"]
[SourceVersion "1"]
[SourceVersionDate "2023.09.30"]
[SourceQuality "1"]

1. c4 e6 2. Nc3 d5 3. d4 c6 4. e4 dxe4 5. Nxe4 Bb4+ 6. Nc3 c5 7. Nf3 Nf6 8. Be2 Ne4 9. Qd3 cxd4 10. Qxe4 dxc3 11. 0-0 Qf6 12. bxc3 Bxc3 13. Qd3 h6 14. Rb1 0-0 15. Rb3 Ba1 16. Qe4 Qf5 17. Qh4 Bf6 18. Qg3 e5 19. Bd3 Qh5 20. Be4 Nc6 21. Bd5 Ne7 22. Be4 Nf5 23. Bxf5 Qxf5 24. Bxh6 e4 25. Nd2 Re8 26. Bf4 b6 27. Rb5 Qg4 28. Qxg4 Bxg4 29. Re1 Rad8 30. h3 Bd7 31. Rd5 Bc6 32. Rxd8 Bxd8 33. Nb3 Be7 34. Nd4 Bb7 35. Nf5 Bb4 36. Rd1 g6 37. Nh6+ Kg7 38. Rd7 Re7 39. Rd8 Ba6 40. g4 Bxc4 41. g5 b5 42. Ng4 Bc3 43. Bd6 Re6 44. Bf8+ Kh7 45. a3 a5 46. Rb8 Bd4 47. Ra8 Bc3 48. Ra7 Rb6 49. Be7 Rb8 50. Bf6 Bxf6 51. Nxf6+ Kg7 52. Rxa5 Bd3 53. Ra7 Rc8 54. Kh2 Rc2 55. Kg3 Rc8 56. Kf4 Bc2 57. Rb7 Bd3 58. Nd7 Bc4 59. Kxe4 Rh8 60. Nf6 Rh4+ 61. Ke5 Rxh3 62. Rb8 Rh8 63. Rxh8 Kxh8 64. Kd6 Kg7 65. Ke7 Bd3 66. Ne8+ Kg8 67. Nd6 Bc4 68. a4 1-0

[Event "Barbera del Valles op 45th"]
[Site "Barbera del Valles"]
[Date "2023.07.09"]
[Round "6"]
[White "Benseny Martinez, Guerau"]
[Black "Thybo, Thomas Sondergaard"]
[Result "1/2-1/2"]
[WhiteElo "1879"]
[BlackElo "2155"]
[PlyCount "83"]
[EventDate "2023.07.04"]
[EventType "swiss"]
[EventRounds "9"]
[EventCountry "ESP"]
[SourceTitle "CBM 215 Extra"]
[Source "ChessBase"]
[SourceDate "2023.09.30"]
[SourceVersion "1"]
[SourceVersionDate "2023.09.30"]
[SourceQuality "1"]

1. e4 c5 2. Nc3 Nc6 3. Bb5 Nd4 4. Nf3 Nxb5 5. Nxb5 g6 6. d4 Bg7 7. 0-0 a6 8. Nc3 cxd4 9. Nxd4 d6 10. Nd5 Nf6 11. Qd3 0-0 12. c4 Nd7 13. f3 Ne5 14. Qe2 e6 15. Ne3 Bd7 16. Rd1 Qb6 17. Rb1 Rac8 18. b3 f5 19. exf5 gxf5 20. Bb2 f4 21. Nf1 Nf7 22. Qf2 Qa5 23. Ne2 e5 24. Nc3 Rfe8 25. Nd2 b5 26. a3 Bf5 27. Rbc1 b4 28. axb4 Qxb4 29. Nd5 Qb7 30. b4 Be6 31. Nb6 Rb8 32. c5 d5 33. Nb3 Red8 34. Na5 Qc7 35. Qe2 Rxb6 36. cxb6 Qxb6+ 37. Qf2 Qb5 38. Qc5 Qe2 39. Qf2 Qb5 40. Qc5 Qe2 41. Qf2 Qb5 42. Qc5 1/2-1/2

[Event "Barbera del Valles op 45th"]
[Site "Barbera del Valles"]
[Date "2023.07.06"]
[Round "3"]
[White "Thybo, Thomas Sondergaard"]
[Black "Toro Castaneda, Elizabeth"]
[Result "1-0"]
[WhiteElo "2155"]
[BlackElo "1989"]
[PlyCount "51"]
[EventDate "2023.07.04"]
[EventType "swiss"]
[EventRounds "9"]
[EventCountry "ESP"]
[SourceTitle "CBM 215 Extra"]
[Source "ChessBase"]
[SourceDate "2023.09.30"]
[SourceVersion "1"]
[SourceVersionDate "2023.09.30"]
[SourceQuality "1"]

1. e4 c5 2. Nf3 d6 3. d4 cxd4 4. Nxd4 Nf6 5. Nc3 g6 6. g3 Nc6 7. Nde2 Bg7 8. Bg2 0-0 9. 0-0 Rb8 10. a4 a6 11. h3 b5 12. axb5 axb5 13. Be3 b4 14. Nd5 Nd7 15. Nd4 Bb7 16. Qd2 Nde5 17. b3 e6 18. Nf4 Qc8 19. Ra4 Nd7 20. Nb5 d5 21. exd5 exd5 22. Nxd5 Ba8 23. Na7 Qd8 24. Nxc6 Bxc6 25. Rxb4 Bxd5 26. Rxb8 1-0

[Event "DEN-ch cand"]
[Site "Svendborg"]
[Date "2023.04.05"]
[Round "4"]
[White "Hoyer, Jacob"]
[Black "Thybo, Thomas Sondergaard"]
[Result "1/2-1/2"]
[WhiteElo "2194"]
[BlackElo "2130"]
[PlyCount "122"]
[EventDate "2023.04.05"]
[EventType "swiss"]
[EventRounds "7"]
[EventCountry "DEN"]
[SourceTitle "CBM 213 Extra"]
[Source "ChessBase"]
[SourceDate "2023.05.31"]
[SourceVersion "1"]
[SourceVersionDate "2023.05.31"]
[SourceQuality "1"]

1. d4 d5 2. c4 e6 3. cxd5 exd5 4. Nc3 c6 5. Bf4 Nf6 6. e3 Bf5 7. Bd3 Bxd3 8. Qxd3 Nh5 9. Bg3 Nd7 10. Nge2 Be7 11. f3 0-0 12. Bf2 f5 13. h3 f4 14. 0-0-0 b5 15. Nxf4 Nxf4 16. exf4 Rf6 17. f5 Rxf5 18. Kb1 Rf7 19. Rhe1 Nb6 20. Ne2 Bb4 21. Nc3 Bd6 22. h4 Nc4 23. Re6 Re7 24. Rxe7 Qxe7 25. Re1 Qf7 26. b3 Nb6 27. Kb2 a5 28. Qe2 a4 29. Qe6 Qxe6 30. Rxe6 Rd8 31. Kc2 Kf7 32. Re1 Ra8 33. Kd3 axb3 34. axb3 Ra3 35. Rb1 Bb4 36. Be1 Bd6 37. Bd2 Na8 38. Ne2 Ra2 39. Rc1 Ra6 40. Bf4 Bxf4 41. Nxf4 Nc7 42. Re1 b4 43. Ke3 Ra3 44. Rb1 Nb5 45. Nd3 Nc3 46. Re1 Rxb3 47. Ne5+ Ke6 48. Nxc6 Nb5+ 49. Kf4+ Kd6 50. Na5 Rb2 51. Nb7+ Kc6 52. Nd8+ Kb6 53. Ke5 Nc3 54. Ne6 Rxg2 55. Nf4 Rg3 56. Nxd5+ Nxd5 57. Kxd5 Rxf3 58. Kc4 b3 59. Rb1 Kc6 60. Rxb3 Rd3 61. Rc3 Rxc3+ 1/2-1/2

[Event "DEN-ch cand"]
[Site "Svendborg"]
[Date "2023.04.05"]
[Round "2"]
[White "Liu, Casper Yukun"]
[Black "Thybo, Thomas Sondergaard"]
[Result "1-0"]
[WhiteElo "2241"]
[BlackElo "2130"]
[PlyCount "41"]
[EventDate "2023.04.05"]
[EventType "swiss"]
[EventRounds "7"]
[EventCountry "DEN"]
[SourceTitle "CBM 213 Extra"]
[Source "ChessBase"]
[SourceDate "2023.05.31"]
[SourceVersion "1"]
[SourceVersionDate "2023.05.31"]
[SourceQuality "1"]

1. d4 d5 2. c4 e6 3. Nc3 c6 4. e4 dxe4 5. Nxe4 c5 6. Nxc5 Bxc5 7. dxc5 Qxd1+ 8. Kxd1 Nf6 9. Be2 e5 10. b4 Nc6 11. b5 Nd4 12. Nf3 Bg4 13. Nxd4 0-0-0 14. Bxg4+ Nxg4 15. f3 Rxd4+ 16. Kc2 Nf6 17. Be3 Rxc4+ 18. Kb3 Rh4 19. Rad1 Ne8 20. h3 Nc7 21. g3 1-0

[Event "Aarhus op"]
[Site "Aarhus"]
[Date "2020.02.15"]
[Round "5"]
[White "Thybo, Thomas Sondergaard"]
[Black "Andersen, Claus Nis"]
[Result "1-0"]
[WhiteElo "2075"]
[BlackElo "1697"]
[PlyCount "69"]
[EventDate "2020.02.14"]
[EventType "swiss"]
[EventRounds "7"]
[EventCountry "DEN"]
[SourceTitle "CBM 195 Extra"]
[Source "ChessBase"]
[SourceDate "2020.05.31"]
[SourceVersion "1"]
[SourceVersionDate "2020.05.31"]
[SourceQuality "1"]

1. e4 e5 2. Nf3 Nf6 3. Nxe5 d6 4. Nf3 Nxe4 5. Nc3 Nxc3 6. dxc3 Be7 7. Be3 Nc6 8. Bc4 Be6 9. Bxe6 fxe6 10. Qe2 Qd7 11. Ng5 Bf6 12. Qh5+ g6 13. Qg4 Bxg5 14. Qxg5 Ne7 15. 0-0-0 a6 16. h4 0-0-0 17. h5 Rhg8 18. g3 Nf5 19. Bf4 h6 20. Qg4 g5 21. Bd2 e5 22. Kb1 Rdf8 23. Bc1 Ne7 24. Qe2 Qf5 25. f4 gxf4 26. gxf4 e4 27. Rhe1 d5 28. c4 c6 29. cxd5 Nxd5 30. Qxe4 Nxf4 31. Qd4 Nxh5 32. Re5 Qf7 33. Qc5 Ng7 34. Re7 Qf6 35. Rdd7 1-0

[Event "Helsingor Xtracon op"]
[Site "Helsingor"]
[Date "2019.07.25"]
[Round "7"]
[White "Thybo, Thomas Sondergaard"]
[Black "Nielsen, Viktor Haarmark"]
[Result "0-1"]
[WhiteElo "2104"]
[BlackElo "2254"]
[PlyCount "74"]
[EventDate "2019.07.20"]
[EventType "swiss"]
[EventRounds "10"]
[EventCountry "DEN"]
[SourceTitle "CBM 191 Extra"]
[Source "ChessBase"]
[SourceDate "2019.09.30"]
[SourceVersion "1"]
[SourceVersionDate "2019.09.30"]
[SourceQuality "1"]

1. e4 c5 2. Nf3 e6 3. d4 cxd4 4. Nxd4 Nc6 5. Nc3 Qc7 6. Bg5 a6 7. Qd2 Nf6 8. Be2 Bb4 9. Bf3 Ne5 10. 0-0 Bxc3 11. Qxc3 Qxc3 12. bxc3 d6 13. Rab1 Ke7 14. Bc1 Rb8 15. Rd1 Bd7 16. Rb6 Nc4 17. Rb4 b5 18. a4 a5 19. Rxb5 Bxb5 20. axb5 Rhc8 21. Nc6+ Rxc6 22. bxc6 Rc8 23. Be2 Rxc6 24. f3 Nd7 25. Bxc4 Rxc4 26. Ba3 Nc5 27. Bxc5 dxc5 28. Ra1 Rxc3 29. Ra2 Kd6 30. Kf2 Kc6 31. Ke2 Kb5 32. Kd2 Rc4 33. c3 Ra4 34. Rb2+ Kc4 35. h3 Ra3 36. h4 a4 37. Rc2 Rb3 0-1

[Event "Helsingor Xtracon op"]
[Site "Helsingor"]
[Date "2019.07.22"]
[Round "4"]
[White "Lye, Sverre"]
[Black "Thybo, Thomas Sondergaard"]
[Result "0-1"]
[WhiteElo "1839"]
[BlackElo "2104"]
[PlyCount "88"]
[EventDate "2019.07.20"]
[EventType "swiss"]
[EventRounds "10"]
[EventCountry "DEN"]
[SourceTitle "CBM 191 Extra"]
[Source "ChessBase"]
[SourceDate "2019.09.30"]
[SourceVersion "1"]
[SourceVersionDate "2019.09.30"]
[SourceQuality "1"]

1. e4 c5 2. Nf3 Nf6 3. Nc3 d5 4. Bb5+ Bd7 5. Bxd7+ Qxd7 6. e5 Ne4 7. 0-0 Nxc3 8. dxc3 e6 9. Bf4 Nc6 10. Qe2 Be7 11. c4 d4 12. Rfd1 Qc7 13. Bg3 g5 14. c3 h5 15. h3 0-0-0 16. cxd4 g4 17. hxg4 hxg4 18. Nh2 Nxd4 19. Qe4 Rh5 20. b4 Rdh8 21. Rxd4 cxd4 22. Qxd4 Bxb4 23. Qxa7 Bc5 24. Qa4 f5 25. Rb1 R5h7 26. Qa8+ Qb8 27. Qa5 Qa7 28. Qb5 Rxh2 29. Bxh2 Bxf2+ 30. Kf1 g3 31. Rd1 gxh2 32. Qd7+ Kb8 33. Qd6+ Ka8 34. Qd8+ Rxd8 35. Rxd8+ Qb8 36. Rxb8+ Kxb8 37. Kxf2 h1Q 38. g4 fxg4 39. c5 Kc7 40. c6 Kxc6 41. a4 Qf3+ 42. Kg1 g3 43. a5 Qf2+ 44. Kh1 Qf1# 0-1

[Event "DEN-ch cand"]
[Site "Svendborg"]
[Date "2019.04.19"]
[Round "4"]
[White "Thybo, Thomas Sondergaard"]
[Black "Nordenbaek, Jan"]
[Result "0-1"]
[WhiteElo "2136"]
[BlackElo "2214"]
[PlyCount "28"]
[EventDate "2019.04.16"]
[EventType "swiss"]
[EventRounds "7"]
[EventCountry "DEN"]
[SourceTitle "EXT 2020"]
[Source "ChessBase"]
[SourceDate "2019.10.17"]
[SourceVersion "1"]
[SourceVersionDate "2019.10.17"]
[SourceQuality "1"]

1. e4 e5 2. Nf3 Nc6 3. Bb5 f5 4. d3 fxe4 5. dxe4 Nf6 6. 0-0 Bc5 7. Bg5 d6 8. Nc3 0-0 9. Nd5 Be6 10. Bc4 Qd7 11. Bxf6 gxf6 12. Nh4 Kh8 13. Qh5 Qg7 14. c3 Bg4 0-1

[Event "Aarhus-ch"]
[Site "Aarhus"]
[Date "2019.02.15"]
[Round "3"]
[White "Ochsner, Henrik"]
[Black "Thybo, Thomas Sondergaard"]
[Result "0-1"]
[WhiteElo "1858"]
[BlackElo "2164"]
[PlyCount "79"]
[EventDate "2019.02.14"]
[EventType "swiss"]
[EventRounds "7"]
[EventCountry "DEN"]
[SourceTitle "EXT 2021"]
[Source "ChessBase"]
[SourceDate "2020.10.23"]
[SourceVersion "1"]
[SourceVersionDate "2020.10.23"]
[SourceQuality "1"]

1. d4 Nf6 2. c4 d6 3. Nf3 g6 4. Nc3 Bg7 5. h3 Nbd7 6. e3 0-0 7. Be2 e5 8. d5 a5 9. 0-0 Nc5 10. Nh2 Ne8 11. e4 f5 12. exf5 gxf5 13. f4 e4 14. Be3 Bd7 15. Bd4 Qe7 16. Kh1 a4 17. Rc1 b6 18. Nb5 Bxb5 19. cxb5 Bxd4 20. Qxd4 Qf6 21. Qxf6 Nxf6 22. Rfd1 Kf7 23. Nf1 Ng8 24. Ne3 Ne7 25. g4 Kg7 26. Rg1 Kh8 27. Rcf1 Rf7 28. gxf5 Nxf5 29. Nxf5 Rxf5 30. Rg5 Raf8 31. Rxf5 Rxf5 32. Bc4 Nd3 33. b3 a3 34. Kh2 Nb4 35. Kg3 Nxd5 36. Bxd5 Rxd5 37. f5 Kg7 38. Kf4 Re5 39. Re1 Kf6 40. Rc1 0-1

[Event "Bronshoj Lang Weekend"]
[Site "Copenhagen"]
[Date "2019.02.10"]
[Round "5"]
[White "Thybo, Thomas Sondergaard"]
[Black "Holmsgaard, Henrik"]
[Result "0-1"]
[WhiteElo "2164"]
[BlackElo "2239"]
[PlyCount "68"]
[EventDate "2019.02.08"]
[EventType "swiss"]
[EventRounds "7"]
[EventCountry "DEN"]
[SourceTitle "CBM 189 Extra"]
[Source "ChessBase"]
[SourceDate "2019.06.03"]
[SourceVersion "1"]
[SourceVersionDate "2019.06.03"]
[SourceQuality "1"]

1. e4 c5 2. Nf3 e6 3. d4 cxd4 4. Nxd4 Nc6 5. Nc3 Qc7 6. Be2 a6 7. Be3 Nf6 8. 0-0 d6 9. f4 Be7 10. Qe1 Bd7 11. Rd1 0-0 12. Qg3 Nxd4 13. Bxd4 Bc6 14. Kh1 b5 15. e5 dxe5 16. Bxe5 Qb7 17. Rd2 Rad8 18. Bd3 Ne8 19. Qh3 g6 20. Re2 Nd6 21. Qh6 f6 22. Bxg6 Rf7 23. Bxf7+ Nxf7 24. Qh3 fxe5 25. Qg4+ Kh8 26. Qxe6 Rg8 27. Rg1 Bc5 28. Qf6+ Rg7 29. fxe5 Bxg1 30. Kxg1 Bxg2 31. e6 Qb6+ 32. Rf2 Bh3+ 33. Qxg7+ Kxg7 34. exf7 Kf8 0-1

[Event "Copenhagen Obro New Year op"]
[Site "Copenhagen"]
[Date "2018.12.31"]
[Round "7"]
[White "Thorsbro, Peter"]
[Black "Thybo, Thomas Sondergaard"]
[Result "1/2-1/2"]
[WhiteElo "2090"]
[BlackElo "2175"]
[PlyCount "104"]
[EventDate "2018.12.27"]
[EventType "swiss"]
[EventRounds "7"]
[EventCountry "DEN"]
[SourceTitle "CBM 189 Extra"]
[Source "ChessBase"]
[SourceDate "2019.06.03"]
[SourceVersion "1"]
[SourceVersionDate "2019.06.03"]
[SourceQuality "1"]

1. d4 Nf6 2. c4 d6 3. Nf3 g6 4. Nc3 Bg7 5. e4 0-0 6. Be2 e5 7. Be3 Nbd7 8. d5 Ng4 9. Bg5 f6 10. Bh4 Nh6 11. Nd2 g5 12. Bg3 f5 13. f3 Nf6 14. Bf2 g4 15. c5 Nh5 16. fxg4 Nxg4 17. Bxg4 fxg4 18. g3 b6 19. cxd6 cxd6 20. Qe2 Qf6 21. Rf1 Qg6 22. Be3 Rxf1+ 23. Kxf1 Bd7 24. Kg1 Nf6 25. a4 h5 26. Bf2 Bh6 27. Nc4 Nh7 28. Nb5 Bxb5 29. axb5 Ng5 30. Bxb6 Nxe4 31. Bxa7 Ng5 32. b6 Rf8 33. b7 Qf7 34. Nxd6 Qxd5 35. Ne4 Nh3+ 36. Kg2 Qxb7 37. Bc5 Rd8 38. Kf1 Qf7+ 39. Ke1 Ng5 40. Nxg5 Bxg5 41. Qe4 Qh7 42. Qxe5 Qg6 43. Kf1 Qf6+ 44. Qxf6 Bxf6 45. Rb1 Rd2 46. b4 Rxh2 47. Bf2 h4 48. Rb3 h3 49. Kg1 Rg2+ 50. Kf1 Rh2 51. Kg1 Rg2+ 52. Kf1 Rh2 1/2-1/2

[Event "Copenhagen Obro New Year op"]
[Site "Copenhagen"]
[Date "2018.12.29"]
[Round "3"]
[White "Jacobsen, Mikkel Manosri"]
[Black "Thybo, Thomas Sondergaard"]
[Result "1-0"]
[WhiteElo "2321"]
[BlackElo "2175"]
[PlyCount "63"]
[EventDate "2018.12.27"]
[EventType "swiss"]
[EventRounds "7"]
[EventCountry "DEN"]
[SourceTitle "CBM 189 Extra"]
[Source "ChessBase"]
[SourceDate "2019.06.03"]
[SourceVersion "1"]
[SourceVersionDate "2019.06.03"]
[SourceQuality "1"]

1. Nf3 Nf6 2. b3 e6 3. Bb2 d5 4. g3 b5 5. c4 bxc4 6. bxc4 Nbd7 7. cxd5 exd5 8. Bg2 c5 9. Nc3 Rb8 10. Na4 Bd6 11. 0-0 0-0 12. Ba3 Qa5 13. d4 Ba6 14. Bxc5 Bxc5 15. Nxc5 Nxc5 16. dxc5 Qxc5 17. Qd4 Qe7 18. Rfe1 Rb4 19. Qc3 Rfb8 20. Ne5 Qd6 21. Rac1 d4 22. Qa3 R4b6 23. Qxd6 Rxd6 24. Rc7 Re8 25. f4 Nd5 26. Rxa7 Nb4 27. a3 Nc2 28. Rc1 Rc8 29. Nxf7 Rf6 30. Bd5 Kf8 31. Ne5 Bxe2 32. Be4 1-0

[Event "Taastrup Quick Weekend 28th B"]
[Site "Taastrup"]
[Date "2018.11.09"]
[Round "1"]
[White "Thybo, Thomas Sondergaard"]
[Black "Mejlvang, Jens Peter"]
[Result "1-0"]
[WhiteElo "2155"]
[BlackElo "1988"]
[PlyCount "53"]
[EventDate "2018.11.09"]
[EventType "tourn"]
[EventRounds "5"]
[EventCountry "DEN"]
[SourceTitle "CBM 189 Extra"]
[Source "ChessBase"]
[SourceDate "2019.06.03"]
[SourceVersion "1"]
[SourceVersionDate "2019.06.03"]
[SourceQuality "1"]

1. e4 Nf6 2. e5 Nd5 3. d4 d6 4. c4 Nb6 5. f4 g5 6. exd6 Qxd6 7. Nc3 Bg7 8. c5 Qe6+ 9. Be2 Nd5 10. Nf3 Nxf4 11. Nxg5 Nxg2+ 12. Kf2 Qd7 13. Kxg2 Bxd4 14. Bc4 Qc6+ 15. Bd5 Qxc5 16. Bxf7+ Kd8 17. Be3 Nc6 18. Nce4 Qe5 19. Bb3 Qg7 20. Bxd4 Nxd4 21. Qxd4+ Qxd4 22. Rad1 e5 23. Rxd4+ exd4 24. Nf7+ Ke7 25. Nxh8 Be6 26. Bxe6 Kxe6 27. Ng5+ 1-0

[Event "DEN-ch rapid op"]
[Site "Hvidovre"]
[Date "2018.09.09"]
[Round "4"]
[White "Christensen, Thomas"]
[Black "Thybo, Thomas Sondergaard"]
[Result "0-1"]
[WhiteElo "2171"]
[BlackElo "1950"]
[PlyCount "82"]
[EventDate "2018.09.09"]
[EventType "swiss (rapid)"]
[EventRounds "7"]
[EventCountry "DEN"]
[SourceTitle "EXT 2020"]
[Source "ChessBase"]
[SourceDate "2019.10.17"]
[SourceVersion "1"]
[SourceVersionDate "2019.10.17"]
[SourceQuality "1"]

1. d4 d5 2. e4 c6 3. Nc3 a6 4. exd5 cxd5 5. Bd3 Nf6 6. Nge2 Bg4 7. f3 Bh5 8. Ng3 Bg6 9. f4 Bxd3 10. Qxd3 Nc6 11. a3 Qb6 12. Nce2 g6 13. 0-0 Bg7 14. f5 Ne4 15. c3 Nxg3 16. Qxg3 0-0-0 17. fxg6 fxg6 18. Nf4 e5 19. Ne6 Nxd4 20. cxd4 Qxe6 21. Bg5 Rdf8 22. Rac1+ Kb8 23. Rfe1 Rf5 24. Bf4 Re8 25. Bxe5+ Bxe5 26. Rxe5 Rxe5 27. dxe5 Qb6+ 28. Kh1 Qxb2 29. e6+ Ka7 30. Re1 Qf6 31. Qd6 d4 32. h3 d3 33. Qxd3 Rxe6 34. Rb1 Re7 35. a4 Qe5 36. Qf3 Qe4 37. Qf2+ Qe3 38. Qf6 g5 39. Qd6 g4 40. h4 g3 41. a5 Qe1+ 0-1

[Event "DEN-ch rapid op"]
[Site "Hvidovre"]
[Date "2018.09.09"]
[Round "3"]
[White "Hector, Jonny"]
[Black "Thybo, Thomas Sondergaard"]
[Result "1-0"]
[WhiteElo "2507"]
[BlackElo "1950"]
[PlyCount "37"]
[EventDate "2018.09.09"]
[EventType "swiss (rapid)"]
[EventRounds "7"]
[EventCountry "DEN"]
[SourceTitle "EXT 2020"]
[Source "ChessBase"]
[SourceDate "2019.10.17"]
[SourceVersion "1"]
[SourceVersionDate "2019.10.17"]
[SourceQuality "1"]

1. e4 c5 2. Nf3 Nf6 3. Nc3 e6 4. d4 cxd4 5. Nxd4 Nc6 6. Bf4 d6 7. Nxc6 bxc6 8. Qd2 e5 9. Bg5 h6 10. Bh4 Nxe4 11. Nxe4 Qxh4 12. Nxd6+ Bxd6 13. Qxd6 Qe4+ 14. Be2 Ba6 15. 0-0-0 Bxe2 16. Rhe1 h5 17. Rxe2 Qf4+ 18. Kb1 f6 19. Qe6+ 1-0

[Event "DEN-ch rapid op"]
[Site "Hvidovre"]
[Date "2018.09.09"]
[Round "5"]
[White "Thybo, Thomas Sondergaard"]
[Black "Kristensen, Kaare Hove"]
[Result "1/2-1/2"]
[WhiteElo "1950"]
[BlackElo "2347"]
[PlyCount "54"]
[EventDate "2018.09.09"]
[EventType "swiss (rapid)"]
[EventRounds "7"]
[EventCountry "DEN"]
[SourceTitle "EXT 2020"]
[Source "ChessBase"]
[SourceDate "2019.10.17"]
[SourceVersion "1"]
[SourceVersionDate "2019.10.17"]
[SourceQuality "1"]

1. e4 c5 2. Nf3 Nc6 3. b4 cxb4 4. d4 d5 5. exd5 Qxd5 6. c4 bxc3 7. Nxc3 Qa5 8. Bd2 Nf6 9. Bb5 a6 10. Ba4 e6 11. Ne5 Bd7 12. Nxd7 Nxd7 13. Rb1 Bb4 14. d5 Bxc3 15. dxc6 Bxd2+ 16. Qxd2 Qxd2+ 17. Kxd2 bxc6 18. Bxc6 Rc8 19. Rhc1 Ke7 20. Bxd7 Rxc1 21. Kxc1 Kxd7 22. Rb7+ Kd6 23. Rxf7 Rc8+ 24. Kb2 Rc7 25. Rxc7 Kxc7 26. Kc3 Kc6 27. Kc4 e5 1/2-1/2

[Event "EU-ch U16 28th"]
[Site "Riga"]
[Date "2018.08.23"]
[Round "4"]
[White "Godde, Matthias"]
[Black "Thybo, Thomas Sondergaard"]
[Result "1-0"]
[WhiteElo "2020"]
[BlackElo "2090"]
[PlyCount "81"]
[EventDate "2018.08.20"]
[EventType "swiss"]
[EventRounds "9"]
[EventCountry "LAT"]
[SourceTitle "CBM 186 Extra"]
[Source "ChessBase"]
[SourceDate "2018.08.24"]
[SourceVersion "1"]
[SourceVersionDate "2018.08.24"]
[SourceQuality "1"]

1. e4 e5 2. Nf3 Nc6 3. Bb5 a6 4. Bxc6 dxc6 5. 0-0 Bg4 6. h3 h5 7. c3 Qf6 8. d4 Bxf3 9. Qxf3 Qxf3 10. gxf3 exd4 11. cxd4 0-0-0 12. Be3 Ne7 13. Nc3 Ng6 14. Kh1 Bd6 15. Rg1 Rh7 16. Rxg6 fxg6 17. Rg1 Rf8 18. e5 Be7 19. f4 Rh6 20. f5 Rxf5 21. Bxh6 gxh6 22. Rxg6 Rxf2 23. Rxh6 Rd2 24. Rxh5 Rxd4 25. Kg2 Kd7 26. Kf3 Ke6 27. Ke3 c5 28. Ne2 Rb4 29. Nf4+ Kd7 30. b3 a5 31. Rh7 Ke8 32. h4 a4 33. Rxe7+ Kxe7 34. Nd5+ Ke6 35. Nxb4 cxb4 36. Ke4 c5 37. h5 c4 38. h6 cxb3 39. axb3 a3 40. h7 a2 41. h8Q 1-0

[Event "EU-ch U16 28th"]
[Site "Riga"]
[Date "2018.08.20"]
[Round "1"]
[White "Thybo, Thomas Sondergaard"]
[Black "Blohberger, Felix"]
[Result "1/2-1/2"]
[WhiteElo "2090"]
[BlackElo "2427"]
[PlyCount "100"]
[EventDate "2018.08.20"]
[EventType "swiss"]
[EventRounds "9"]
[EventCountry "LAT"]
[SourceTitle "CBM 186 Extra"]
[Source "ChessBase"]
[SourceDate "2018.08.24"]
[SourceVersion "1"]
[SourceVersionDate "2018.08.24"]
[SourceQuality "1"]

1. e4 c5 2. Nf3 d6 3. d4 cxd4 4. Nxd4 Nf6 5. Nc3 a6 6. Be2 e5 7. Nb3 Be7 8. Bg5 Be6 9. Bxf6 Bxf6 10. Qd3 0-0 11. 0-0-0 Be7 12. Kb1 Nd7 13. Nd5 Bxd5 14. Qxd5 Qc7 15. Qd3 b5 16. Bf3 Nb6 17. Nd2 Rfc8 18. Nf1 Nc4 19. Bg4 Rcb8 20. Ne3 Nxe3 21. Qxe3 Rb6 22. h4 Rc6 23. Rd2 Qb8 24. Qb3 Bd8 25. Bh5 Ra7 26. Qd5 Qa8 27. g3 Bb6 28. Rhd1 Qe8 29. Rd3 g6 30. Bg4 b4 31. R3d2 Bd4 32. h5 a5 33. hxg6 hxg6 34. Be2 Rc5 35. Qxd6 Rac7 36. Qf6 Qe7 37. Qxe7 Rxe7 38. Bd3 Re6 39. f4 Be3 40. f5 gxf5 41. exf5 Rh6 42. Re2 Bd4 43. g4 f6 44. Rg2 Rc7 45. Be4 Rh3 46. g5 fxg5 47. Rxg5+ Rg7 48. Bd5+ Kf8 49. Rxg7 Kxg7 50. Rd3 Rxd3 1/2-1/2

[Event "Helsingor Xtracon op"]
[Site "Helsingor"]
[Date "2018.07.27"]
[Round "8"]
[White "Henningsen, Lasse"]
[Black "Thybo, Thomas Sondergaard"]
[Result "0-1"]
[WhiteElo "1930"]
[BlackElo "2146"]
[PlyCount "112"]
[EventDate "2018.07.21"]
[EventType "swiss"]
[EventRounds "10"]
[EventCountry "DEN"]
[SourceTitle "CBM 185 Extra"]
[Source "ChessBase"]
[SourceDate "2018.07.29"]
[SourceVersion "1"]
[SourceVersionDate "2018.07.29"]
[SourceQuality "1"]

1. d4 Nf6 2. c4 a6 3. Nf3 c5 4. e3 cxd4 5. exd4 d5 6. Nc3 e6 7. Bg5 Be7 8. Rc1 0-0 9. Be2 dxc4 10. Bxc4 b5 11. Be2 Bb7 12. 0-0 Nbd7 13. Ne5 Nd5 14. Bxe7 Qxe7 15. Nxd5 Bxd5 16. Bf3 Qd6 17. Nxd7 Qxd7 18. Bxd5 Qxd5 19. b3 Rfd8 20. Qd2 Qxd4 21. Qxd4 Rxd4 22. Rc2 Rad8 23. f3 g6 24. Rfc1 Rd2 25. Kf1 Kg7 26. Ke1 R2d5 27. Ke2 Kf6 28. Ke1 h5 29. Re2 a5 30. Rec2 Kf5 31. Re2 e5 32. Rcc2 f6 33. Kf2 h4 34. h3 Rd1 35. Rc5 R8d5 36. Rcc2 Ra1 37. Ke3 Rad1 38. Kf2 a4 39. bxa4 bxa4 40. Ke3 R5d4 41. Kf2 Kg5 42. Ke3 f5 43. Kf2 Kf4 44. Rb2 Ra1 45. Rbc2 e4 46. fxe4 fxe4 47. Rc6 e3+ 48. Rxe3 Rd2+ 49. Re2 Rxe2+ 50. Kxe2 Rxa2+ 51. Kf1 g5 52. Rc4+ Ke3 53. Kg1 a3 54. Rg4 Rb2 55. Kh2 a2 56. Ra4 Kd3 0-1

[Event "Copenhagen Challenge"]
[Site "Ballerup"]
[Date "2018.04.29"]
[Round "8"]
[White "Thybo, Thomas Sondergaard"]
[Black "Hentley, Darryl"]
[Result "1-0"]
[WhiteElo "2004"]
[BlackElo "1544"]
[PlyCount "45"]
[EventDate "2018.04.25"]
[EventType "swiss"]
[EventRounds "9"]
[EventCountry "DEN"]
[SourceTitle "CBM 184 Extra"]
[Source "ChessBase"]
[SourceDate "2018.06.28"]
[SourceVersion "1"]
[SourceVersionDate "2018.06.28"]
[SourceQuality "1"]

1. d4 c6 2. e4 g6 3. Nc3 Bg7 4. Be3 d5 5. Qd2 h6 6. 0-0-0 Nf6 7. e5 Ne4 8. Nxe4 dxe4 9. Bc4 b5 10. Bb3 Nd7 11. f3 exf3 12. Nxf3 Nb6 13. e6 Bxe6 14. Bxe6 fxe6 15. Qd3 Bf6 16. Qxg6+ Kd7 17. Rhe1 Kc7 18. Bf4+ Kb7 19. Rxe6 Qd5 20. Qe4 Qxa2 21. Rxc6 Rac8 22. Rxc8+ Kxc8 23. Qc6+ 1-0